| 000 | 00514nam a22001817a 4500 | ||
|---|---|---|---|
| 003 | 0 | ||
| 005 | 20230620104316.0 | ||
| 008 | 230620b xxu||||| |||| 00| 0 eng d | ||
| 020 | _a978-971-996-883-2 | ||
| 082 |
_aFil. 363.7284 _b.Fi566 2013 |
||
| 245 |
_aWater = Tubig _cFix, Alexandra |
||
| 260 |
_aQuezon City _bC&E Publishing, Inc. _cC2013 |
||
| 300 |
_a34pp. _bcol. ill. _c19cm. |
||
| 500 | _aWater-Juvenile literature. | ||
| 500 | _aWater. | ||
| 504 | _aIncludes glossary and index. | ||
| 942 |
_2ddc _cBK |
||
| 999 |
_c365046 _d365046 |
||